| 000 | 00461nam a2200169Ia 4500 | ||
|---|---|---|---|
| 008 | 230917s9999||||xx |||||||||||||| ||und|| | ||
| 020 | _cRS150 | ||
| 040 |
_e243520 _aMAIN |
||
| 041 | _aEnglish | ||
| 082 | _a510.2462 J251G | ||
| 100 | _aJana, Deepak Kumar | ||
| 245 | 0 | _aGATE engineering mathematics | |
| 260 |
_aNew Delhi _bNew Age International _c2012 |
||
| 300 | _avii, 164 p. | ||
| 500 | _a2943 27/11/2017 HBD17/7116 19/12/2017 UIET (SFS) | ||
| 942 | _cBK | ||
| 999 |
_c24717 _d24717 |
||